Anatomia microscópica de los tumores del sistema nervioso central y periferico : (Record no. 185625)

MARC details
000 -LEADER
campo de control de longitud fija 00899nam a2200181 i 4500
001 - NÚMERO DE CONTROL
campo de control 185625
003 - IDENTIFICADOR DE NÚMERO DE CONTROL
campo de control ES-MaACL
005 - FECHA Y HORA DE LA ÚLTIMA TRANSACCIÓN
campo de control 20251005063139.0
008 - DATOS DE LONGITUD FIJA--INFORMACIÓN GENERAL
campo de control de longitud fija 160728s1934 sp |||| | spa d
100 1# - ENTRADA PRINCIPAL--NOMBRE DE PERSONA
Nombre de persona Río Hortega, Pío del,
Fechas asociadas al nombre 1882-1945
9 (RLIN) 97326
245 10 - MENCIÓN DEL TÍTULO
Título Anatomia microscópica de los tumores del sistema nervioso central y periferico :
Resto del título ponencia del congreso internacional de lucha científica y social contra el cáncer, Madrid, octubre de 1933 /
Mención de responsabilidad, etc. por P. del Río-Hortega.
260 ## - PUBLICACIÓN, DISTRIBUCIÓN, ETC.
Lugar de publicación, distribución, etc. [Madrid :
Nombre del editor, distribuidor, etc. Junta para la Ampliación de Eestudios,
Fecha de publicación, distribución, etc. 1934]
300 ## - DESCRIPCIÓN FÍSICA
Extensión 315 p. :
Otras características físicas il. ;
Dimensiones 24 cm.
490 1# - MENCIÓN DE SERIE
Mención de serie Trabajos del laboratorio de Histopatología de la Junta para la ampliación de estudios ;
Designación de volumen o secuencia 103
830 00 - PUNTO DE ACCESO ADICIONAL DE SERIE-TÍTULO UNIFORME
Título uniforme Trabajos del Laboratorio de Histopatología de la Junta para Ampliación de Estudios
Designación de volumen o secuencia 103
9 (RLIN) 184307
852 ## - LOCALIZACIÓN
Ubicación ES-MaACL
Número de control de estantería B-13355(8)
Holdings
Estatus retirado Estado de pérdida Estado de daño No para préstamo Biblioteca de origen Biblioteca actual Ubicación en estantería Fecha de adquisición Fuente de adquisición Total de préstamos Signatura topográfica completa Código de barras Visto por última vez Precio de reemplazo Tipo de ítem Koha
        Biblioteca del Ateneo de Madrid Biblioteca del Ateneo de Madrid Sala Pardo Bazán 28/07/2016     B-13355(8) 1195672 23/02/2023 23/02/2023 Libro impreso